[Úvod k zborníku z vedeckého seminára]

Enregistré dans:
Détails bibliographiques
Auteur principal: Porvazník, Ján
Format: Chapitre de livre
Langue:slovaque
Tags: Ajouter un tag
Pas de tags, Soyez le premier à ajouter un tag!

MARC

LEADER 00000naa$a2200000$$$4500
001 0168404
005 20240502072931.7
041 0 |a slo 
044 |a SK 
245 1 0 |a [Úvod k zborníku z vedeckého seminára]  |c Ján Porvazník 
100 1 |a Porvazník, Ján